| 000 | 02047cam a22005174i 4500 | ||
|---|---|---|---|
| 003 | PE-LiUPU | ||
| 005 | 20250731172928.0 | ||
| 008 | 170530s1980 tnu rb 0n0 0 eng d | ||
| 020 | _a0687104904 | ||
| 020 | _a9780687104901 | ||
| 035 | _a(Sirsi) a204132 | ||
| 040 |
_aPE-LiUPU _bspa _cPE-LiUPU _erda |
||
| 049 | _aPRUA | ||
| 082 | 0 | 4 |
_a251 _bM27 _220 |
| 100 | 1 |
_aMassey, James Earl, _eautor. |
|
| 245 | 1 | 0 |
_aDesigning the sermon : _border and movement in preaching / _cJames Earl Massey ; [William D. Thompson, editor]. |
| 264 | 1 |
_aNashville : _bAbingdon, _c1980. |
|
| 300 |
_a127 páginas ; _c21 centimetros. |
||
| 336 |
_atext _2rdacontent |
||
| 337 |
_aunmediated _2rdamedia |
||
| 338 |
_avolume _2rdacarrier |
||
| 490 | 0 | _aAbingdon preacher's library | |
| 504 | _aBibliografía : páginas 121-124. | ||
| 505 | 0 | _aThe sermon in context -- Designing the narrative/story sermon -- Designing the textual/expository sermon -- Designing the doctrinal/topical sermon -- Designing the funeral sermon -- Studying the methods of master preachers -- Three illustrated designs. | |
| 526 | _aSEG42 | ||
| 526 | _aSEG41 | ||
| 526 | _aSEG40 | ||
| 526 | _aSEG39 | ||
| 526 | _aP94 | ||
| 526 | _aP87 | ||
| 526 | _aP86 | ||
| 526 | _aP85 | ||
| 526 | _aP77 | ||
| 526 | _aP76 | ||
| 526 | _aP35 | ||
| 650 | 0 |
_aPredicación. _2swd |
|
| 650 | 0 | 7 |
_aIglesia protestante. _2fast _0(OCoLC)fst01074813 |
| 650 | 0 | 7 |
_aPredicación. _2swd |
| 700 | 1 |
_aThompson, William D. _editor. |
|
| 910 |
_ajck _bjvq _cjck _d20170530 |
||
| 942 |
_2ddc _cBOOK |
||
| 949 |
_a251 M27 _wDEWEY _c1 _i75911 _lCATALOGING _mBUL _p12.00 _r0 _sY _tBOOK _u2017-05-30 _xTEOLOGIA _zPOSGRADO TEOLOGÍA _0COMPRA _o.CIRCNOTE. El documento es de alto precio. _o.STAFF. Colección Teología |
||
| 596 | _a1 | ||
| 999 |
_a251 M27 _wLC _c20508 _i75911 _d20508 _f2021-11-10 _g4 _lCCODEBUL1 _mBUL _p12.00 _r0 _sY _tBOOK _u2017-5-30 _xTEOLOGIA _PP85 _0DONACION _o.STAFF. Colección Teología |
||
| 980 |
_81 _gALBERTO SANCHEZ Responsable de Automatización |
||